000 00541nam a22001931a 4500
001 4683
003 OSt
005 20260204211943.0
008 070912s2006||||sp ||||||b||||||||||spa||
020 _a8497425316
050 _a378 E18e
100 _aEscalano Bonito, Agustin
245 _aEducación superior y desarrollo sostenible: Discursos practicos / Agustin Escalano Bonito
264 _aEspaña: Biblioteca Nueva
300 _a276 p
500 _aIncluye indice y bibliografía
650 _aEducación SuperiorÌ
942 _2ddc
_cBK
999 _c4683
_d4683